000 00827nam0a22002531 4500
001 rc\3659809
005 20250610055617.0
021 _aRU
_b[71-31372]
035 _a(NLR Aleph) 007739190
090 _a7139976
_c7139976
100 _a20130115d1971 |||y0rusy50 ca
101 1 _arus
_cmol
102 _aRU
105 _aa z |||a|
200 1 _aСказки
_aВоспоминания детства
_aРассказы
_e[Пер. с молд.
_eДля сред. школьного возраста
_fИл.: Г. Врабле
210 _aКишинев
_cЛумина
_d1971]
215 _a248 с., 4 л. ил.
_cил.
_d20
700 1 _aКрянгэ
_bИ.
_f1837-1889
_gИон
702 1 _aВрабле
_bГ.
_4440
801 0 _aRU
_bNLR
_gpsbo
801 1 _aRU
_bELAR
_2rusmarc
852 _aNLR
_j71-3/2463
942 _cBOOK
980 _aNB